European Cities with the Most Tourists - Statistics

General Stats
  • This quiz has been taken 241 times
  • The average score is 20 of 24
Answer Stats
# Tourists Answer % Correct
19,559,900 London
100%
19,087,900 Paris
100%
5,597,800 Madrid
98%
10,317,000 Rome
98%
7,016,600 Barcelona
96%
6,195,800 Berlin
95%
8,835,400 Amsterdam
94%
6,301,300 Athens
94%
5,969,000 Moscow
93%
6,604,400 Milan
92%
3,639,900 Lisbon
91%
6,634,700 Vienna
89%
4,025,400 Budapest
88%
9,150,900 Prague
88%
4,205,500 Munich
87%
4,276,000 Brussels
85%
5,462,100 Dublin
85%
14,715,900 Istanbul
85%
3,185,600 Copenhagen
82%
5,590,500 Venice
82%
4,457,200 St. Petersburg
72%
5,125,700 Florence
68%
2,910,000 Kraków
44%
3,034,600 Heraklion
10%
No matching quizzes found
Score Distribution
Percent of People with Each Score
Percentile by Number Answered
Your Score History
You have not taken this quiz